Normal view
MARC view
- Wade, Wyn Craig.
Entry Personal Name
001 - CONTROL NUMBER
- control field: 8221
003 - CONTROL NUMBER IDENTIFIER
- control field: NUST
005 - DATE AND TIME OF LATEST TRANSACTION
- control field: 20180111095651.0
008 - FIXED-LENGTH DATA ELEMENTS
- fixed length control field: 180111|| aca||aabn | a|a d
040 ## - CATALOGING SOURCE
- Original cataloging agency: NUST
- Transcribing agency: NUST
100 ## - HEADING--PERSONAL NAME
- Personal name: Wade, Wyn Craig.
670 ## - SOURCE DATA FOUND
- Source citation: Work cat.: (NUST)0: Wade, Wyn Craig., The fiery cross :, 1987.
